000 00777nam a2200265 4500
003 OSt
005 20260530113852.0
008 260421b2005 si a|||| |||| 00| 0 eng d
020 _a1861265212
040 _aICI
_bspa
_cICI
050 _aTP859
_b.B87 2005
100 1 _aBurke, Ed
_931381
245 1 0 _aGlass blowing :
_btechnical manual
_cEd Burke
250 _a1a edición
260 _aLondon
_bA&C Black
_c2005
300 _a143 páginas
_c26cm.
336 _atexto
_2rdacontent
337 _asin medio
_2rdamedia
338 _avolumen
_2rdacarrier
500 _aManual técnico sobre técnicas de soplado de vidrio.
650 _aVidrio soplado
_xTécnica.
_931382
650 _aVidrio
_xTrabajo manual.
_931383
650 _aArtes del vidrio.
_931384
942 _2lcc
_cBK
999 _c11506
_d11506